000 00610cam a22002053a 4500
001 35414
003 PGUSA
005 20140828083749.0
008 110227s2011||||xxu|||||s|||||000 | eng d
040 _aPGUSA
_beng
042 _adc
100 1 _aWinter, John Strange,
_d1856-1911
245 1 4 _aThe Little Vanities of Mrs. Whittaker :
_bA Novel
_h[electronic resource] /
_cJohn Strange Winter
260 _bProject Gutenberg,
_c2011
506 _aPublic domain in the USA.
516 _aElectronic text
830 0 _aProject Gutenberg
_v35414
856 4 0 _uhttp://www.gutenberg.org/ebooks/35414
942 _cEB
999 _c264669
_d264669